00617nam a2200157 a 4500008004100000050001500041100002500056245023400081260002200315300002100337350000900358500001500367650004400382650001400426700001900440071009s2001 ||||||||||||||||| || u aHC 915 IMP aMpuku, Herrick C. Dr14aThe New project approach to social and economic policy and poverty alleviation in Africa: impact of structural adjustment programmes on the Zambian economy; a trade union perspectivecedited by Dr. Herrick C. Mpuku; Austin Muneku aKitwebZCTUc2001 avii, 129p.: ill. a0.00 aICFTU-AFRO aSTRUCTURAL ADJUSTMENT PROGRAMME--ZAMBIA 0aECONOMICS aMuneku, Austin